Decameron
محفوظ في:
| المؤلف الرئيسي: | |
|---|---|
| التنسيق: | كتاب |
| اللغة: | الإيطالية |
| منشور في: |
Milán
Riccardo Ricciardi
1952
|
| سلاسل: | La letteratura italiana storia e testi
|
| الموضوعات: | |
| الوسوم: |
إضافة وسم
لا توجد وسوم, كن أول من يضع وسما على هذه التسجيلة!
|
MARC
| LEADER | 00000nam a2200000 a 4500 | ||
|---|---|---|---|
| 001 | UCV9394 | ||
| 003 | CL-VaPUC | ||
| 008 | 920827e19520000IT |||||||||||||||||ita|d | ||
| 082 | 0 | 4 | |a 853 |b BOC |2 21 |
| 100 | 0 | |a Boccaccio, Giovanni |e author |9 397 | |
| 245 | 1 | 0 | |a Decameron |
| 246 | 1 | 0 | |a Filocolo |
| 246 | 1 | 0 | |a Amato |
| 246 | 1 | 0 | |a Fiammetta |
| 300 | |a 1244 p | ||
| 942 | |c BK | ||
| 945 | |d 19920827 00:00:00 | ||
| 260 | |a Milán |b Riccardo Ricciardi |c 1952 | ||
| 650 | 0 | |a Novela italiana |9 265740 | |
| 583 | |a last modification |c 19920827 00:00:00 |k Rodrigo Vera | ||
| 490 | 0 | |a La letteratura italiana storia e testi | |
| 999 | |c 214739 |d 214737 | ||
| 952 | |0 0 |1 0 |4 0 |6 853_000000000000000_BOC_1952 |7 0 |8 P |9 198414 |a BIBARQ |b BIBARQ |d 2019-11-14 |i 2658860 |o 853 BOC 1952 |p 2658860 |r 2025-01-20 |w 2019-11-14 |y BK |k ARQ | ||